| 000 | 00455nam a2200169 i 4500 | ||
|---|---|---|---|
| 001 | 49673 | ||
| 003 | ES-MaACL | ||
| 005 | 20230906162037.0 | ||
| 007 | t| | ||
| 008 | 030721s1939 xxk ||||1| eng d | ||
| 100 | 1 |
_aCotton, H. _941206 |
|
| 245 | 1 | 0 |
_aElectrical technology / _cby H. Cotton. |
| 250 | _a4th ed. | ||
| 260 |
_aLondon : _b[s.n.], _c1939 ( _eBath : _fPitman press) |
||
| 300 |
_aXIV, 541 p. ; _c22 cm. |
||
| 852 |
_aES-MaACL _jA-4970 _bR.12101 |
||
| 999 |
_c49673 _d49673 |
||